01002nam a2200253Ia 450000500170000000800410001702000180005804000180007604100080009408200210010210000300012324500650015325000120021826000660023030000280029665000290032465000290035365000290038270000280041194200300043999900190046995201300048895201300061820230427095601.0210716s2013 xx 000 0 und d a9780074632734 cAIMIT LIBRARY aeng a005.42 21bMADS aMadnick, Stuart E.993691 aOperating systems /cBy Stuart E Madnick and John J Donovan. a1st ed. aNew Delhi :bTata McGraw Hill Publishing Company Ltd ,c2013. axv,640p.;bPBc22.7 cm. aFramework of book993692 aMemory management993693 aDevice management993694 aDonovan, John J.993695 2ddccBKe1stk005.42 MADS c194092d194092 001040708MCAaAIMITbAIMITeKnowledge Worldg840.00l0o005.42 MADSpMCA13600r2025-07-21 00:00:00v630.00w2021-07-16yBK 001040708MCAaAIMITbAIMITeKnowledge Worldg840.00l0o005.42 MADSpMCA13601r2025-07-21 00:00:00v630.00w2021-07-16yBK